| 000 | 01006naa a2200253 a 4500 | ||
|---|---|---|---|
| 003 | BLK | ||
| 005 | 20240416132747.0 | ||
| 007 | ta | ||
| 008 | 221104b bu |||||r|||| 00| | bu d | ||
| 040 | _aBLK | ||
| 041 |
_aBUL _cBUL |
||
| 080 |
_aКомунистически партии. Вж и 327.323 _b329.15 _z329.15(497.215)БКП(092) |
||
| 080 |
_aБиографии - България _b929(497.2) _z929(497.2) |
||
| 245 |
_aВъзпоменателно събрание за Руско Попхристов _cС. Пенев |
||
| 300 | _a№ 21, 25 ян. 1962 | ||
| 520 | _aЗа комуниста, кмет на Русенската комуна | ||
| 600 | 0 |
_9492148 _aПопхристов, Руско Гавраилов |
|
| 653 |
_9195878 _aрусенци |
||
| 653 |
_9188984 _aкомунисти |
||
| 653 |
_9188727 _aкметове |
||
| 773 |
_tДУНАВСКА ПРАВДА _w291955 _i. // _xC613-1425 |
||
| 942 |
_cSTA _n0 |
||
| 944 |
_cКети Илиева _k30550 _lКети Илиева _a30550 |
||
| 999 |
_c508990 _d508990 |
||